Library management of staff training and development / (Record no. 122558)

MARC details
000 -LEADER
fixed length control field 00746nam a22002537a 4500
003 - CONTROL NUMBER IDENTIFIER
control field 0
005 - DATE AND TIME OF LATEST TRANSACTION
control field 20230110162426.0
008 - FIXED-LENGTH DATA ELEMENTS--GENERAL INFORMATION
fixed length control field 0
010 ## - LIBRARY OF CONGRESS CONTROL NUMBER
LC control number B-019717
020 ## - INTERNATIONAL STANDARD BOOK NUMBER
Terms of availability 475.00
International Standard Book Number 8187317361
035 ## - SYSTEM CONTROL NUMBER
System control number B-019717, B-019718, B-019721
037 ## - SOURCE OF ACQUISITION
Source of stock number/acquisition Cen Lib/Ret
040 ## - CATALOGING SOURCE
Original cataloging agency DPL
Language of cataloging EN
Transcribing agency 0
082 ## - DEWEY DECIMAL CLASSIFICATION NUMBER
Classification number 025.1068
Item number IYE
245 ## - TITLE STATEMENT
Title Library management of staff training and development /
Statement of responsibility, etc edited by V. K. Iyer
260 ## - PUBLICATION, DISTRIBUTION, ETC. (IMPRINT)
Place of publication, distribution, etc Delhi
Name of publisher, distributor, etc Rajat Publications
Date of publication, distribution, etc 1999
270 ## - ADDRESS
City Delhi
Address 4/32, Geeta Colony
Postal code 110031
300 ## - PHYSICAL DESCRIPTION
Extent 298p.
Dimensions 20cm(Hb)
500 ## - GENERAL NOTE
General note Includes index
650 ## - SUBJECT ADDED ENTRY--TOPICAL TERM
Topical term or geographic name as entry element Library management
Chronological subdivision
9 (RLIN) 112482
650 ## - SUBJECT ADDED ENTRY--TOPICAL TERM
Topical term or geographic name as entry element Library science
9 (RLIN) 112483
700 ## - ADDED ENTRY--PERSONAL NAME
Personal name Iyer, V. K.
9 (RLIN) 100973
942 ## - ADDED ENTRY ELEMENTS (KOHA)
Source of classification or shelving scheme Dewey Decimal Classification
Koha item type English Books
Classification part 025.1068
Call number suffix LIB
Holdings
Withdrawn status Lost status Damaged status Not for loan Collection code Home library Current library Date acquired Source of acquisition Cost, normal purchase price Total Checkouts Full call number Barcode Date last seen Copy number Cost, replacement price Price effective from Koha item type Date checked out Source of classification or shelving scheme
      Not For Loan Reference Central Library Central Library 28/05/2015 Cen Lib/Ret 475.00   025.1068 LIB B-019717 28/05/2015 1 475.00 15/09/2016 English Books    
          Central Library Central Library 23/07/2015 Cen Lib/Ret 475.00 1 025.1068 LIB B-019716 23/06/2019 2 475.00 15/09/2016 English Books 09/06/2019  
        Non-fiction Patel Nagar Patel Nagar 03/08/2018 BPPD/PUB 475.00   025.1068 LIB B-019718 03/08/2018   475.00 03/08/2018 English Books   Dewey Decimal Classification
        Non-fiction Shahdara Branch Shahdara Branch 21/08/2018 BPPD/PUB 475.00   025.1068 LIB B-019721 21/08/2018   475.00 21/08/2018 English Books   Dewey Decimal Classification

© Delhi Public Library
Hit Counter
free hit counter